000 00960nam a2200265Ia 4500
003 OSt
005 20221005104855.0
006 a|||||r|||| 00| 0
007 ta
008 221004b |||||||| |||| 00| 0 hin d
020 _a8187365110
_c275
024 _a83367
037 _b701, 30/03/2005, Manak Publication
_cTextual
040 _aCRL
_cCRL
_bhin
041 _2hin
_ahin
082 _aV2,1:3(Q).G, 152P4
100 _aयादव, रामजन्म
245 0 _aभारतीय सामंतवाद और धर्म
246 _aBhāratīya sāmantavād aur dharma
260 _aदिल्ली
_bसनराइज पब्लिकेशन्स भारत
_c2004
300 _a168पृ0
_ccm.
650 _aभारत-इतिहास
_9156353
942 _hV2,1:3(Q).G, 152P4
_cTEXL
_2cc
999 _c1014040
_d1014040